Nalaganje...

Stochastic ageing and dependence for reliability /

Bibliografske podrobnosti
Glavni avtor: Lai, Chin-Diew
Drugi avtorji: Xie, Min
Format: Printed Book
Jezik:English
Izdano: New York, NY : Springer Science + Business Media, 2006.
Teme:
LEADER 00934cam a22002413a 4500
003 OSt
008 051006s2006 nyua b 001 0 eng d
020 |a 0387297421 
020 |a 9780387297422 
080 |a 519.248  |b LAI 
100 1 |a Lai, Chin-Diew.  |9 12617 
245 1 0 |a Stochastic ageing and dependence for reliability /  |c Chin-Diew Lai, Min Xie. 
260 |a New York, NY :  |b Springer Science + Business Media,  |c 2006. 
300 |a xx, 418 p. :  |b ill. ; 
650 0 |a Reliability (Engineering)  |x Mathematical models.  |9 12611 
650 0 |a Product life cycle  |x Mathematical models.  |9 12612 
650 0 |a System failures (Engineering)  |x Mathematical models.  |9 12613 
650 0 |a Stochastic analysis.  |9 12614 
650 0 |a Dependence (Statistics)  |9 12615 
700 1 |a Xie, Min.  |9 12616 
942 |c BK  |6 _ 
999 |c 223290  |d 223290 
952 |0 0  |1 0  |4 0  |6 519248_LAI  |7 0  |9 288367  |a MAT  |b MAT  |d 2014-02-07  |o 519.248 LAI  |p MAT09043  |r 2014-02-07  |t 1  |w 2014-02-07  |y BK